| 000 | 004410000a22001690004500 | ||
|---|---|---|---|
| 020 | _a0029490103 | ||
| 060 | _a100 | ||
| 082 | _a581.807.24 HAN.03 | ||
| 100 | _aAmmirato, Philip V | ||
| 100 | _aEvans David A, Sharp William R | ||
| 245 | _aHandbook of Plant Cell Culture V3: Crop Species | ||
| 260 | _aLondon, Mac Millan Company | ||
| 260 | _c1984 | ||
| 463 | _a | ||
| 650 | _aPlant Cell Culture / Cereals Crop Specis | ||
| 942 | _cBK | ||
| 999 |
_c366763 _d366763 |
||